000 00989nam a2200301Ia 4500
003 OSt
005 20220928130328.0
006 a|||||r|||| 00| 0
007 ta
008 220927b |||||||| |||| 00| 0 eng d
020 _a9781319114770
_cUSD 255.99
024 _a146099
037 _b11, 29/12/2021, N.R.Book Distributors
_cTextual
040 _aSDCL
_cSDCL
_beng
041 _2eng
_aeng
082 _aG:6:f3, R0
100 _aGriffith Anthony J. F.
_9473584
245 0 _aIntroduction to genetic analysis
250 _a12th
260 _aNew York
_b Macmillan International
_c2020
300 _axx,796p.
_ccm.
650 _aPlant Molecular Biology
700 _a Doebley John
_9473585
700 _a Peichel Catherine
_9473586
700 _a Wassarman David A.
_9473587
942 _hG:6:f3, R0
_cTEXL
_2CC
999 _c786108
_d786108